000 00397nam a22001697a 4500
005 20160629165642.0
008 160629b xxu||||| |||| 00| 0 eng d
020 _a81-7224-631-5
041 _aeng
082 _b10860
100 _aPeddy, Shirley(Ph.D)
_93237
245 _aSecrets of the corporate Jungle
260 _bJaico
_c1997
300 _a153
650 _aManagement
_9241
942 _cBK
999 _c4768
_d4766